| 000 | 00757nam a2200229 i 4500 | ||
|---|---|---|---|
| 001 | 114916 | ||
| 003 | ES-MaACL | ||
| 005 | 20250903025948.0 | ||
| 007 | t| | ||
| 008 | 070212s1955 sp ||||1| spa d | ||
| 080 | _a517.5 | ||
| 100 | 1 |
_aAzpeitia, A. G. _924339 |
|
| 245 | 1 | 3 |
_aEl orden precisado en las funciones enteras / _cA.G. Azpeitia. |
| 260 |
_aMadrid : _bConsejo Superior de Investigaciones Cientificas, _c1955. |
||
| 300 |
_a73 p. ; _c24 cm. |
||
| 490 | 1 |
_aMemorias de matemáticas del Instituto "Jorge Juan" ; _v15 |
|
| 500 | _aPremio Torres Quevedo 1952. | ||
| 650 | 1 | 4 |
_aFunciones enteras. _9150473 |
| 830 | 0 | 0 |
_aMemorias de matemáticas del Instituto "Jorge Juan" _v15 _9185834 |
| 852 |
_aES-MaACL _jE-4515 |
||
| 999 |
_c114916 _d114916 |
||